| 000 | 00345nam a2200145Ia 4500 | ||
|---|---|---|---|
| 008 | 230917s9999||||xx |||||||||||||| ||und|| | ||
| 040 |
_e226871 _aMAIN |
||
| 041 | _aEnglish | ||
| 082 | _a512.25 M471O | ||
| 100 | _aMeenakshi | ||
| 245 | 0 | _aOrthogonal idempotents in abelian group algebras | |
| 260 | _c2013 | ||
| 300 | _a72 p. | ||
| 942 | _cTH | ||
| 999 |
_c126638 _d126638 |
||